|
|
|
|
| LEADER |
01390nam a2200313 a 4500 |
| 001 |
GR-Patra7174 |
| 003 |
GR-PaULI |
| 008 |
991022s1995 gr 000 0 gre d |
| 040 |
|
|
|a GrPaTEI
|b gre
|c GR-PaULI
|
| 245 |
0 |
0 |
|a Πρόγραμμα διαχείρησης αρχείων Βάσεων Δεδομένων :
|b Βάση `95.
|
| 260 |
|
|
|a Πάτρα :
|b ΤΕΙ Πάτρας,
|c 1995
|
| 300 |
|
|
|a 75σ. +
|e 1 δισκ.
|
| 500 |
|
|
|a Πτυχιακή εργασία Περιέχει μια δισκέτα
|
| 650 |
|
4 |
|a ΒΑΣΕΙΣ ΔΕΔΟΜΕΝΩΝ
|
| 650 |
|
4 |
|a ΒΑΣΗ 95
|
| 650 |
|
4 |
|a Ηλεκτρονικοί υπολογιστές
|
| 650 |
|
4 |
|a Πτυχιακή εργασία
|
| 700 |
1 |
|
|a Ευαγγελία, Ελένη
|
| 700 |
1 |
|
|a Καποτά, Κατερίνα
|
| 700 |
1 |
|
|a Ραβασόπουλος, Γεώργιος,
|c Εισηγητής
|
| 710 |
0 |
|
|a Σ.Δ.Ο..
|b Τμήμα Λογιστικής
|
| 710 |
0 |
|
|a ΤΕΙ Πάτρας
|
| 856 |
4 |
0 |
|u https://nereus.library.upatras.gr/formerpat/ptyxiakes/sdo/sdo_log/1990-1995/1746pe.pdf
|
| 907 |
|
|
|a .b26546899
|b 16-04-20
|c 23-09-16
|
| 942 |
|
|
|2 ddc
|b LISK
|c ERST
|x GrPaTEI
|
| 952 |
|
|
|0 0
|1 0
|4 0
|7 0
|9 341532
|a LISK
|b LISK
|d 2021-11-12
|l 0
|r 2021-11-12 00:00:00
|w 2021-11-12
|y ERST
|x Μεταφορά από πΤΕΙ Δυτικής Ελλάδος
|
| 981 |
|
|
|p atra7174
|
| 998 |
|
|
|a 24
|b 15-01-16
|c m
|d u
|e -
|f gre
|g gr
|h 0
|
| 999 |
|
|
|c 195966
|d 195966
|